书目信息 |
| 题名: |
农业害虫抗药性
|
|
| 作者: | 唐振华 , 黄刚 编著 | |
| 分册: | ||
| 出版信息: | 北京 农业出版社 1982 |
|
| 页数: | 261页 | |
| 开本: | 19cm | |
| 丛书名: | ||
| 单 册: | ||
| 中图分类: | S481 | |
| 科图分类: | ||
| 主题词: | 农业害虫-抗药性--研究 , 抗药性-农业害虫--研究 | |
| 电子资源: | ||
| ISBN: | 16144.2490 | |
| 000 | 00701nam0 2200253 450 | |
| 001 | 0182010084 | |
| 005 | 20100712220329.0 | |
| 010 | @a16144.2490@dCNY0.87 | |
| 091 | @a16144.2490 | |
| 100 | @a19950530d1982 em y0chiy0110 ea | |
| 101 | 0 | @achi |
| 102 | @aCN@b110000 | |
| 105 | @ay z 000yy | |
| 106 | @ar | |
| 200 | 1 | @a农业害虫抗药性@9Nong Ye Hai Chong Kang Yao Xing @f唐振华,黄刚编著 |
| 210 | @a北京@c农业出版社@d1982 | |
| 215 | @a261页@d19cm | |
| 606 | 0 | @a农业害虫-抗药性@x研究 |
| 606 | 0 | @a抗药性-农业害虫@x研究 |
| 690 | @aS481@v3 | |
| 701 | 0 | @a唐振华@9tang zhen hua@4编著 |
| 701 | 0 | @a黄刚@9huang gang@4编著 |
| 801 | 0 | @aCN@bAzMarc@c20130904 |
| 905 | @aBZT@dS481@e51@f7@sS481/51 | |
| 农业害虫抗药性/唐振华,黄刚编著.-北京:农业出版社,1982 |
| 261页;19cm |
| ISBN 16144.2490:CNY0.87 |
| ● |
| 相关链接 |
|
|
|
正题名:农业害虫抗药性
索取号:S481/51
 
预约/预借
| 序号 | 登录号 | 条形码 | 馆藏地/架位号 | 状态 | 备注 |
| 1 | 2000039321 | 2000039321 | 旧书回溯/ [索取号:S481/51] | 在馆 | |
| 2 | 2000039322 | 2000039322 | 旧书回溯/ [索取号:S481/51] | 在馆 | |
| 3 | 2000039323 | 2000039323 | 旧书回溯/ [索取号:S481/51] | 在馆 | |
| 4 | 2000039324 | 2000039324 | 旧书回溯/ [索取号:S481/51] | 在馆 | |
| 5 | 2000109441 | 2000109441 | 旧书回溯/ [索取号:S481/51] | 在馆 | |
| 6 | 2000117019 | 2000117019 | 旧书回溯/ [索取号:S481/51] | 在馆 | |
| 7 | 2000117631 | 2000117631 | 旧书回溯/ [索取号:S481/51] | 在馆 |